Header Image

Commodity Markets and Derivatives (Record no. 13601)

MARC details
000 -LEADER
fixed length control field 00371nam a2200157Ia 4500
005 - DATE AND TIME OF LATEST TRANSACTION
control field 20250508165023.0
008 - FIXED-LENGTH DATA ELEMENTS--GENERAL INFORMATION
fixed length control field 250508s9999||||xx |||||||||||||| ||und||
041 ## - LANGUAGE CODE
Language code of text/sound track or separate title English
082 ## - DEWEY DECIMAL CLASSIFICATION NUMBER
Classification number 332.6457
Item number CHA
100 ## - MAIN ENTRY--PERSONAL NAME
Personal name Chatnani, Nandini, Niti
245 #0 - TITLE STATEMENT
Title Commodity Markets and Derivatives
250 ## - EDITION STATEMENT
Edition statement 2ed
260 ## - PUBLICATION, DISTRIBUTION, ETC.
Name of publisher, distributor, etc. Cengage
Date of publication, distribution, etc. 2019
300 ## - PHYSICAL DESCRIPTION
Extent 296p
942 ## - ADDED ENTRY ELEMENTS (KOHA)
Koha item type Book
Holdings
Withdrawn status Lost status Damaged status Not for loan Home library Current library Date acquired Source of acquisition Total checkouts Full call number Barcode Koha item type
        IILM-LR IILM-LR 30/04/2024 Purchased   332.6457 CHA R0000243 Book
        IILM-LR IILM-LR 30/04/2024 Purchased   332.6457 CHA R0000244 Book
        IILM-LR IILM-LR 30/04/2024 Purchased   332.6457 CHA R0000245 Book
        IILM-LR IILM-LR 30/04/2024 Purchased   332.6457 CHA R0000246 Book
        IILM-LR IILM-LR 30/04/2024 Purchased   332.6457 CHA R0000247 Book
        IILM-LR IILM-LR 30/04/2024 Purchased   332.6457 CHA R0000248 Book
        IILM-LR IILM-LR 30/04/2024 Purchased   332.6457 CHA R0000249 Book
© IILM-LR All rights reserved.
IILM-Lodhi Road
Contact :librarianlr@iilm.edu
Visitor Count: Visit counter For Websites